Donato Grima : (Record no. 21518)

MARC details
000 -LEADER
campo de control de longitud fija 01055nam a2200265 i 4500
001 - NÚMERO DE CONTROL
campo de control 21518
003 - IDENTIFICADOR DE NÚMERO DE CONTROL
campo de control ES-MaACL
005 - FECHA Y HORA DE LA ÚLTIMA TRANSACCIÓN
campo de control 20240120122327.0
007 - CAMPO FIJO DE DESCRIPCIÓN FÍSICA--INFORMACIÓN GENERAL
campo de control de longitud fija t|
008 - DATOS DE LONGITUD FIJA--INFORMACIÓN GENERAL
campo de control de longitud fija 211125s2016 ag a 00110dspa d
020 ## - NÚMERO INTERNACIONAL ESTÁNDAR DEL LIBRO
Número Internacional Estándar del Libro 978-987-33-9944-2
100 1# - ENTRADA PRINCIPAL--NOMBRE DE PERSONA
Nombre de persona Grima, Donato (
Fechas asociadas al nombre 1949-)
9 (RLIN) 173846
245 10 - MENCIÓN DEL TÍTULO
Título Donato Grima :
Resto del título antología de obras / textos, Avelina Lesper, Antonio Manuel Campoy, Antonio Urrrutia ... [et al.].
250 ## - MENCION DE EDICION
Mención de edición 1ª ed.
260 ## - PUBLICACIÓN, DISTRIBUCIÓN, ETC.
Lugar de publicación, distribución, etc. San Miguel de Tucumán, [Argentina] :
Nombre del editor, distribuidor, etc. [D. Grima],
Fecha de publicación, distribución, etc. 2016 (
Fabricante Industrias Gráf. A 4)
300 ## - DESCRIPCIÓN FÍSICA
Extensión 140 p. :
Otras características físicas principalmente il. col. ;
Dimensiones 32 x 32 cm.
600 14 - PUNTO DE ACCESO ADICIONAL DE MATERIA--NOMBRE DE PERSONA
Nombre de persona Grima, Donato (
Fechas asociadas al nombre 1949-)
9 (RLIN) 173846
700 1# - ENTRADA AGREGADA--NOMBRE PERSONAL
Nombre de persona Lesper, Avelina.
9 (RLIN) 173847
700 1# - ENTRADA AGREGADA--NOMBRE PERSONAL
Nombre de persona Campoy, A. M.,
Fechas asociadas al nombre 1924-1993
9 (RLIN) 34292
700 1# - ENTRADA AGREGADA--NOMBRE PERSONAL
Nombre de persona Urrrutia, Antonio.
9 (RLIN) 173848
852 4# - LOCALIZACIÓN
Ubicación ES-MaACL
Número de control de estantería A-14793
itemnumber 22277
Sublocalización o colección R.152186
Ubicación en estantería Depósito 1
Signatura antigua Olim: N-7793
Anotaciones manuscritas Dedicatoria autógrafa del autor
Donativo/Legado Donacion: Donato Grima
Encuadernación Encuadernación en cartoné
903 ## - NOMBRE PERSONAL DE DONANTE
9 173846
a Grima, Donato (
d 1949-)
e Donante
942 ## - ELEMENTOS DE ENTRADA SECUNDARIOS (KOHA)
Fuente del sistema de clasificación o colocación Clasificación decimal universal
Holdings
Estatus retirado Estado de pérdida Fuente del sistema de clasificación o colocación Estado de daño No para préstamo Colección Biblioteca de origen Biblioteca actual Ubicación en estantería Fecha de adquisición Fuente de adquisición Total de préstamos Signatura topográfica completa Código de barras Visto por última vez Precio de reemplazo Tipo de ítem Koha Nota pública
    Clasificación decimal universal     Libros con dedicatorias Biblioteca del Ateneo de Madrid Biblioteca del Ateneo de Madrid Depósito 1 25/11/2021 Donación   A-14793 1202739 23/02/2023 23/02/2023 Libro impreso Dedicatoria autógrafa del autor